Principios de política, derecho y ciencia de la hacienda
Uloženo v:
| Hlavní autor: | |
|---|---|
| Médium: | Kniha |
| Jazyk: | španělština |
| Vydáno: |
Madrid
Reus
1958
|
| Vydání: | 2a. ed |
| Témata: | |
| Tagy: |
Přidat tag
Žádné tagy, Buďte první, kdo vytvoří štítek k tomuto záznamu!
|
MARC
| LEADER | 00000nam a2200000 a 4500 | ||
|---|---|---|---|
| 001 | UCS0572 | ||
| 003 | CL-VaPUC | ||
| 008 | 970426e19580000SP |||||||||||||||||spa|d | ||
| 082 | 0 | 4 | |a 343.034 |b GRI |2 21 |
| 100 | 0 | |a Griziotti, Benvenuto |e author |9 384243 | |
| 245 | 1 | 0 | |a Principios de política, derecho y ciencia de la hacienda |
| 250 | |a 2a. ed | ||
| 300 | |a 560 p | ||
| 942 | |c BK | ||
| 945 | |d 19970426 00:00:00 |a paguirre | ||
| 260 | |a Madrid |b Reus |c 1958 | ||
| 650 | 0 | |a Derecho tributario |9 258895 | |
| 650 | 0 | |a Política fiscal |9 317354 | |
| 650 | 0 | |a Hacienda pública |9 258673 | |
| 650 | 7 | |a PRESUPUESTO NACIONAL |2 CL-VaPUC |9 338436 | |
| 650 | 7 | |a GASTOS PUBLICOS |2 CL-VaPUC |9 314611 | |
| 650 | 7 | |a INGRESO NACIONAL |2 CL-VaPUC |9 334289 | |
| 650 | 0 | |a Impuestos |9 255450 | |
| 650 | 7 | |a CONTRIBUYENTE |2 CL-VaPUC |9 383930 | |
| 650 | 7 | |a POLITICA TRIBUTARIA |2 CL-VaPUC |9 383580 | |
| 583 | |a last modification |c 19970426 00:00:00 |k Rodrigo Vera | ||
| 999 | |c 258794 |d 258792 | ||
| 952 | |0 0 |1 0 |4 0 |6 343_034000000000000_GRI_1958 |7 0 |8 A |9 283096 |a BIBDER |b BIBDER |d 2019-11-19 |i 1838040 |l 1 |o 343.034 GRI 1958 |p 1838040 |r 2024-08-26 |s 2024-08-19 |w 2019-11-19 |y BK |k DER | ||